Season 11 SNL Hosts by Picture - Statistics

General Stats
  • This quiz has been taken 33 times
  • The average score is 12 of 21
Answer Stats
Picture Answer % Correct
Jay Leno
100%
Chevy Chase
97%
Madonna
97%
Paul Reubens
97%
Tom Hanks
97%
Oprah Winfrey
94%
Paul Simon
90%
John Lithgow
77%
Tony Danza
77%
Dudley Moore
71%
Francis Ford Coppola
58%
George Wendt
55%
Teri Garr
48%
Anjelica Houston
45%
Billy Martin
45%
Harry Dean Stanton
29%
Jerry Hall
19%
Ron Reagan
13%
Griffin Dunne
10%
Catherine Oxenberg
6%
Jimmy Breslin
3%
No matching quizzes found
Score Distribution
Percent of People with Each Score
Percentile by Number Answered
Your Score History
You have not taken this quiz